Marvel X-Men Quiz - Semi-Obscure - Statistics

General Stats
  • This quiz has been taken 36 times
  • The average score is 9 of 15
Answer Stats
Hint Answer % Correct
The All New Wolverine, Clone Of The Original Wolverine / Laura Kinney
96%
Bye Bye Bye, Merc With A Mouth Deadpool / Wade Wilson
93%
Calls His Wife "Chérie", Black Eyes and Red Iris Gambit / Remy LeBeau
93%
Cyclops's Brother, Member Of The Hellions Havok / Alex Summers
89%
Says "Sugah", Married Cajun Rogue / Anna Marie LeBeau
89%
Magneto Daughter That Retained His Mutant Powers Polaris / Lorna Dane
86%
Goblin Queen, Current Queen of Limbo Madelyne Pryor
82%
A Great Captain Of Krakoa, Can Turn Into Darkchild Magik / Illyana Rasputina
68%
Married Izzy Kane, Sunspots Best Friend Cannonball / Samuel Guthrie
54%
Side Kick In The All New Wolverine, Clone Of The Previous Character Honey Badger / Gabby Kinney
46%
Best Friends With Captain Marvel, Has Spider Sense Spider-Woman / Jessica Drew
39%
Met Their Girlfriend At A Hellfire Gala, Has A Prosthetic Leg Karma / Xuân Cao Mạnh
32%
Member Of The New X-Terminators, Alcoholic Boom Boom / Tabitha Smith
18%
Owns A Dog Named Pip, Leader of the Hotshots Domino / Neena Thurman
14%
Was In Domino's Posse, Cowgirl Outlaw / Inez Temple
14%
No matching quizzes found
Score Distribution
Percent of People with Each Score
Percentile by Number Answered
Your Score History
You have not taken this quiz